| 000 | 01225nam a2200277Ia 4500 | ||
|---|---|---|---|
| 003 | OSt | ||
| 005 | 20221005110346.0 | ||
| 006 | a|||||r|||| 00| 0 | ||
| 007 | ta | ||
| 008 | 221004b |||||||| |||| 00| 0 hin d | ||
| 020 |
_a9789383233229 (hbk) _cINR 320.00 |
||
| 024 | _a43201 | ||
| 037 |
_bIN-2307, 14/03/2019, Kitab Ghar Prakashan _cTextual |
||
| 040 |
_aCRL _cCRL _bhin |
||
| 041 |
_2hin _ahin |
||
| 082 | _aO152,6:g, Q3 | ||
| 100 |
_aजोशी, ्र्र्र्र्र्र्र्र्र्र्र्र्र्र्र्र्र्रज्योतिष, ले. _9624105 |
||
| 245 | 0 | _aआलोचना का समय | |
| 246 | _aĀlochanā kā samaya | ||
| 260 |
_aनई दिल्ली _bकिताबघर प्रकाशन भारत _c2013 |
||
| 300 |
_a184पृ0 _ccm. |
||
| 650 | _a हिन्दी साहित्य | ||
| 650 | _aहिन्दी निबंध | ||
| 942 |
_hO152,6:g, Q3 _cTEXL _2cc |
||
| 999 |
_c1018577 _d1018577 |
||